000
00272nam a2200133Ia 4500
100
_a
Guillon/M
942
_c
BK
654
_a
Servo
245
_a
Hydraulic Servo Systems
260
_b
Butterworths
_a
London
_c
1969
082
_a
620.1
300
_a
462
546
_a
ENGLISH
999
_c
28174
_d
28174